| 000 | 00825cam a2200217 a 4500 | ||
|---|---|---|---|
| 001 | 000005750 | ||
| 005 | 20240418073804.0 | ||
| 008 | 750721s1965 uy 001 0 spa | ||
| 040 |
_aDO-SdBNP _cFU _dDLC |
||
| 082 |
_a301 _bM385e |
||
| 100 | 1 |
_aMartínez, Martín C. _q(Martín Casimiro Martínez Fagalde), _d1859-1946. _916274 |
|
| 245 | 1 | 0 |
_aEscritos sociológicos, 1881-1885 / _cMartín C. Martínez ; Prólogo, Arturo Ardao. |
| 260 |
_aMontevideo, Uruguay : _bMinisterio de Instrucción Pública y Previsión Social, _c1965. |
||
| 300 |
_axx, 176 p. ; _c20 cm. |
||
| 490 | 0 | _aBiblioteca Artigas. | |
| 490 | 0 |
_aClásicos uruguayos _v78 |
|
| 650 | 0 |
_aSociología _91061 |
|
| 700 | 1 |
_aArdao, Arturo, _epról. _916275 |
|
| 830 | 0 |
_aBiblioteca Artigas _pClásicos uruguayos ; _v78. _916276 |
|
| 910 | _aCatalogación por copia / LC | ||
| 999 |
_c5546 _d5546 |
||